Visualizzazione normale
Vista MARC
- Lo Moro C., Artoni Schlesinger C., Brambilla F., Pomodoro L., Turri G.C.,
di Personal Name
Records bibliografici associati: 1
001 - CONTROL NUMBER
- control field: 63239
003 - CONTROL NUMBER IDENTIFIER
- control field:
005 - DATE AND TIME OF LATEST TRANSACTION
- control field: 20260128101142.0
008 - FIXED-LENGTH DATA ELEMENTS
- fixed length control field: 260128|| aca||aabn | a|a d
040 ## - CATALOGING SOURCE
- Original cataloging agency:
- Transcribing agency:
100 ## - HEADING--PERSONAL NAME
- Personal name: Lo Moro C., Artoni Schlesinger C., Brambilla F., Pomodoro L., Turri G.C.,
- Personal name: Caruso A.M.,Schlesinger P., De Marco G., Brienza M., Cavallo M., Rossi P.,
- Personal name: Loi U., Della Rosa L., Bertotti T., Grieco A., Papa M
670 ## - SOURCE DATA FOUND
- Source citation: Work cat.: ()211647: Cam - Centro Ausiliario per i Problemi Minorili 63238, Le modalità di attuazione dell'obbligo di consegna dei minori: un discorso interdisciplinare in cammino, 2001